[Event "Curitiba op"]
[Site "Curitiba"]
[Date "2016.04.21"]
[Round "2.32"]
[White "De Souza, Camila dos Santos"]
[Black "De Oliveira, Wythor Rogerio"]
[Result "1-0"]
[WhiteElo "1947"]
[BlackElo "1279"]
[PlyCount "47"]
[EventDate "2016.04.21"]
[EventType "swiss"]
[EventRounds "7"]
[EventCountry "BRA"]
[SourceTitle "EXT 2022"]
[Source "ChessBase"]
[SourceDate "2021.10.06"]
[SourceVersion "1"]
[SourceVersionDate "2021.10.06"]
[SourceQuality "1"]

1. d4 d5 2. Nf3 Nc6 3. Bf4 Nf6 4. e3 e6 5. c3 Bd6 6. Bg5 h6 7. Bh4 g5 8. Bg3 Ne4 9. Bb5 Bd7 10. Nbd2 Qe7 11. Qc2 Nxd2 12. Qxd2 0-0-0 13. 0-0-0 Bxg3 14. hxg3 f6 15. Qc2 f5 16. Bxc6 Bxc6 17. Ne5 Be8 18. Kb1 Qd6 19. c4 Kb8 20. c5 Qa6 21. Rd3 b6 22. Rc1 Rg8 23. cxb6 cxb6 24. Qc7+ 1-0

[Event "Sao Paulo Freitas op 2nd"]
[Site "Sao Paulo"]
[Date "2016.04.17"]
[Round "6"]
[White "De Souza, Camila dos Santos"]
[Black "Deus Filho, Joaquim"]
[Result "1/2-1/2"]
[WhiteElo "1947"]
[BlackElo "2030"]
[PlyCount "203"]
[EventDate "2016.04.15"]
[EventType "swiss"]
[EventRounds "6"]
[EventCountry "BRA"]
[SourceTitle "EXT 2017"]
[Source "ChessBase"]
[SourceDate "2016.10.25"]
[SourceVersion "1"]
[SourceVersionDate "2016.10.25"]
[SourceQuality "1"]

1. d4 Nf6 2. Nf3 b5 3. Bf4 Bb7 4. e3 a6 5. Be2 e6 6. 0-0 Be7 7. h3 0-0 8. Nbd2 d6 9. c3 Nd5 10. Bh2 f5 11. Qc2 Nd7 12. c4 bxc4 13. Nxc4 a5 14. Qd2 N5f6 15. Nxa5 Bd5 16. Nc4 Ne4 17. Qc1 Ra7 18. b3 g5 19. Nfd2 Nxd2 20. Nxd2 Qa8 21. Bc4 Nf6 22. Bxd5 Nxd5 23. Qb2 Bf6 24. a4 Rb8 25. Qa3 Kh8 26. Rac1 Rg8 27. Nc4 g4 28. hxg4 Rxg4 29. f3 Rg6 30. Qb2 Qf8 31. e4 Nb4 32. Qd2 Rb7 33. Na5 Rb8 34. Rxc7 Bg5 35. Qc3 Bd8 36. Ra7 Bb6 37. Nc4 Bxa7 38. Bxd6 Na2 39. Qb2 Rxb3 40. Be5+ Kg8 41. Qxb3 Nb4 42. Rd1 Nc6 43. Qb7 Nxe5 44. Nxe5 Rg7 45. Qc6 fxe4 46. Qxe6+ Kh8 47. fxe4 Re7 48. Qd6 Bb8 49. Qc5 Ba7 50. Qb5 Qg7 51. Qd5 Qxe5 52. Qxe5+ Rxe5 53. Kf1 Rxe4 54. a5 Bxd4 55. a6 Bb6 56. a7 Ra4 57. Rd7 Bxa7 58. Ke2 Bg1 59. Kf3 Bc5 60. Rb7 Bf8 61. Rc7 h6 62. Rb7 Bg7 63. Rc7 Kh7 64. Rc6 Kg8 65. Rc7 Bf6 66. Rb7 Kf8 67. Rd7 Be7 68. Rb7 Kf7 69. Rb6 Bf6 70. Rb7+ Kg6 71. Rb6 h5 72. Rc6 Kf5 73. Rc5+ Be5 74. Rb5 Ra3+ 75. Kf2 Ke4 76. Ke2 Ra2+ 77. Kf1 h4 78. Rb3 Bd4 79. Rh3 Rf2+ 80. Ke1 Rf4 81. Ke2 Rf2+ 82. Ke1 Rxg2 83. Rxh4+ Kd3 84. Rh3+ Be3 85. Rf3 Rg4 86. Rf7 Ra4 87. Rd7+ Bd4 88. Kf1 Ra2 89. Rd8 Rf2+ 90. Ke1 Rg2 91. Rf8 Rg1+ 92. Rf1 Rg2 93. Rf8 Rg7 94. Rf3+ Be3 95. Rf8 Rg3 96. Rd8+ Bd4 97. Rf8 Bc3+ 98. Kf1 Bd4 99. Ke1 Bb6 100. Rf7 Bc5 101. Rd7+ Bd4 102. Rf7 1/2-1/2

[Event "Santa Catarina-ch sf1"]
[Site "Sao Bento do Sul"]
[Date "2016.03.05"]
[Round "3"]
[White "Furmam, Fernando Gustavo"]
[Black "De Souza, Camila dos Santos"]
[Result "0-1"]
[WhiteElo "1659"]
[BlackElo "1943"]
[PlyCount "51"]
[EventDate "2016.03.04"]
[EventType "swiss"]
[EventRounds "6"]
[EventCountry "BRA"]
[SourceTitle "EXT 2018"]
[Source "ChessBase"]
[SourceDate "2017.10.13"]
[SourceVersion "1"]
[SourceVersionDate "2017.10.13"]
[SourceQuality "1"]

1. d4 Nf6 2. e3 g6 3. Bd3 Bg7 4. f4 d6 5. Nf3 Nc6 6. c3 0-0 7. e4 e5 8. fxe5 dxe5 9. d5 Nb8 10. Bg5 Nbd7 11. Qe2 Qe8 12. Bb5 h6 13. Bh4 a6 14. Ba4 b5 15. Bc2 Bb7 16. c4 c6 17. b3 Nh5 18. g4 Nf4 19. Qd2 cxd5 20. cxd5 Bxd5 21. exd5 e4 22. Nd4 e3 23. Qd1 Ng2+ 24. Kf1 e2+ 25. Qxe2 Qxe2+ 26. Kxe2 0-1

[Event "Fortaleza Schoonenborch U2000"]
[Site "Fortaleza"]
[Date "2016.02.14"]
[Round "5"]
[White "Souza E Silva, Francisco Welling"]
[Black "De Souza, Camila dos Santos"]
[Result "0-1"]
[WhiteElo "1901"]
[BlackElo "1943"]
[PlyCount "54"]
[EventDate "2016.02.11"]
[EventType "swiss"]
[EventRounds "6"]
[EventCountry "BRA"]
[SourceTitle "CBM 170 Extra"]
[Source "ChessBase"]
[SourceDate "2016.02.25"]
[SourceVersion "1"]
[SourceVersionDate "2016.02.25"]
[SourceQuality "1"]

1. e4 c5 2. b4 cxb4 3. a3 d5 4. exd5 Qxd5 5. Nf3 e5 6. axb4 Bxb4 7. c3 Bd6 8. Na3 Nc6 9. Bc4 Qe4+ 10. Be2 Nge7 11. Nb5 Bb8 12. 0-0 0-0 13. d4 exd4 14. Bd3 Qd5 15. Re1 Qh5 16. h3 dxc3 17. Ba3 Be6 18. Nxc3 Rd8 19. Re4 Ng6 20. Qb1 Nce5 21. Be2 Nxf3+ 22. Bxf3 Qg5 23. Qxb7 Be5 24. Rc1 Nh4 25. Rxh4 Qxh4 26. Be7 Qf4 27. g3 Qxc1+ 0-1

[Event "BRA-ch sf (Women)"]
[Site "Blumenau"]
[Date "2015.11.01"]
[Round "6.6"]
[White "Medeiros, Thauane Ferreira"]
[Black "De Souza, Camila dos Santos"]
[Result "0-1"]
[WhiteElo "1895"]
[BlackElo "1900"]
[PlyCount "109"]
[EventDate "2015.10.30"]
[EventType "swiss"]
[EventRounds "7"]
[EventCountry "BRA"]
[SourceTitle "EXT 2022"]
[Source "ChessBase"]
[SourceDate "2021.10.06"]
[SourceVersion "1"]
[SourceVersionDate "2021.10.06"]
[SourceQuality "1"]

1. d4 Nf6 2. Bg5 e6 3. e3 c5 4. c3 b6 5. Nf3 Bb7 6. Bd3 Be7 7. Nbd2 cxd4 8. exd4 0-0 9. 0-0 d6 10. Qe2 Nbd7 11. Ne1 Re8 12. f4 Qc7 13. Qf2 a6 14. Qh4 Nf8 15. Nef3 Rac8 16. Rae1 Bd8 17. Bxf6 Bxf6 18. Ng5 h6 19. Re3 e5 20. Qh5 exd4 21. Rxe8 Rxe8 22. Nge4 Nh7 23. c4 Bd8 24. Qf5 g6 25. Qh3 Kg7 26. f5 Ng5 27. Qg4 Nxe4 28. Nxe4 Bxe4 29. Bxe4 h5 30. Qf4 Qe7 31. fxg6 fxg6 32. Re1 Qh4 33. Qxh4 Bxh4 34. g3 Bg5 35. Kg2 d3 36. Kf3 Rf8+ 37. Kg2 d2 38. Rd1 Be3 39. Bf3 b5 40. cxb5 axb5 41. a3 Rc8 42. Kf1 Rc2 43. Ke2 Bg5 44. h4 Bh6 45. b3 Rc3 46. Bd5 Rxg3 47. a4 bxa4 48. bxa4 Rg4 49. a5 Ra4 50. Rf1 Rxa5 51. Rf7+ Kh8 52. Bb3 Re5+ 53. Kf2 Re1 54. Rf6 d1Q 55. Bxd1 0-1

[Event "BRA-ch sf (Women)"]
[Site "Blumenau"]
[Date "2015.10.31"]
[Round "3.5"]
[White "Kikuchi Cadilhac, Mariana Sawae"]
[Black "De Souza, Camila dos Santos"]
[Result "1-0"]
[WhiteElo "1444"]
[BlackElo "1900"]
[PlyCount "57"]
[EventDate "2015.10.30"]
[EventType "swiss"]
[EventRounds "7"]
[EventCountry "BRA"]
[SourceTitle "EXT 2022"]
[Source "ChessBase"]
[SourceDate "2021.10.06"]
[SourceVersion "1"]
[SourceVersionDate "2021.10.06"]
[SourceQuality "1"]

1. e4 c5 2. Nc3 Nc6 3. g3 g6 4. Bg2 Bg7 5. d3 d6 6. f4 e6 7. Nf3 Nge7 8. 0-0 0-0 9. Be3 Rb8 10. Rb1 b5 11. a3 b4 12. axb4 Rxb4 13. Qd2 Qb6 14. b3 Nd4 15. g4 f5 16. g5 e5 17. Nh4 Bd7 18. Bh3 Bc6 19. fxe5 Bxe5 20. exf5 Nxc2 21. fxg6 Rxh4 22. Rxf8+ Kxf8 23. Qf2+ Ke8 24. Qxh4 Nxe3 25. gxh7 Ng6 26. Qh5 Kf7 27. Be6+ Kxe6 28. Qxg6+ Ke7 29. h8Q 1-0

[Event "BRA-ch U26 (Women)"]
[Site "Uberlandia"]
[Date "2015.10.18"]
[Round "7"]
[White "De Souza, Camila dos Santos"]
[Black "Durante, Taina Seidel"]
[Result "1-0"]
[WhiteElo "1900"]
[BlackElo "1724"]
[PlyCount "111"]
[EventDate "2015.10.15"]
[EventType "swiss"]
[EventRounds "7"]
[EventCountry "BRA"]
[SourceTitle "CBM 168 Extra"]
[Source "ChessBase"]
[SourceDate "2015.10.29"]
[SourceVersion "1"]
[SourceVersionDate "2015.10.29"]
[SourceQuality "1"]

1. d4 d5 2. Nf3 Nf6 3. c4 e6 4. g3 Nbd7 5. Qc2 c6 6. Nbd2 Bd6 7. Bg2 0-0 8. 0-0 Re8 9. Rd1 Nf8 10. e4 dxe4 11. Ng5 e3 12. fxe3 Ng4 13. Ndf3 Qe7 14. e4 Ng6 15. e5 Bc7 16. h3 Nh6 17. Ne4 Nf5 18. g4 Nxd4 19. Nxd4 Bxe5 20. Nf3 Bc7 21. Be3 b6 22. c5 Ba6 23. cxb6 Bxb6 24. Bxb6 axb6 25. Nd6 Red8 26. Qxc6 Nf4 27. Nb5 Nd5 28. Qc4 Rdc8 29. Qb3 Qc5+ 30. Nfd4 Rab8 31. a4 Nf4 32. Qe3 e5 33. Nf5 Ne2+ 34. Kf2 Bxb5 35. axb5 Nd4 36. Rac1 Nxf5 37. Rxc5 Nxe3 38. Rxc8+ Rxc8 39. Kxe3 Kf8 40. Rd6 Rc2 41. Be4 Rxb2 42. Rxb6 Rh2 43. Rb8+ Ke7 44. b6 Rxh3+ 45. Bf3 Rh6 46. b7 Rb6 47. Ra8 Rb3+ 48. Kf2 Rb2+ 49. Kg3 Kf6 50. b8Q Rxb8 51. Rxb8 Kg5 52. Rb7 Kg6 53. Kh4 h6 54. Rb6+ f6 55. Be4+ Kf7 56. Kh5 1-0

[Event "Fortaleza Inelsa op"]
[Site "Fortaleza"]
[Date "2015.10.03"]
[Round "6"]
[White "De Souza, Camila dos Santos"]
[Black "De Sousa Filho, Aloisio Lopes"]
[Result "1-0"]
[WhiteElo "1890"]
[BlackElo "1982"]
[PlyCount "67"]
[EventDate "2015.09.26"]
[EventType "swiss"]
[EventRounds "7"]
[EventCountry "BRA"]
[SourceTitle "EXT 2017"]
[Source "ChessBase"]
[SourceDate "2016.10.25"]
[SourceVersion "1"]
[SourceVersionDate "2016.10.25"]
[SourceQuality "1"]

1. d4 f5 2. Nf3 d5 3. c4 c6 4. b3 Nf6 5. g3 e6 6. Bg2 Bd6 7. 0-0 Nbd7 8. Ba3 Bxa3 9. Nxa3 Qe7 10. Nc2 Ne4 11. Nce1 Ndf6 12. Nd3 0-0 13. Nfe5 Bd7 14. f3 Nd6 15. Re1 Be8 16. Qc1 Rc8 17. Qa3 a6 18. e4 Qd8 19. Nf4 Bf7 20. Nxf7 Nxf7 21. Nxe6 Qd7 22. Nxf8 Rxf8 23. e5 Ne4 24. fxe4 fxe4 25. cxd5 cxd5 26. Rf1 Re8 27. Rf4 Ng5 28. Raf1 Ne6 29. Bh3 h6 30. Bxe6+ Qxe6 31. Rf8+ Kh7 32. Rxe8 Qxe8 33. Qf8 Qc6 34. Qf5+ 1-0

[Event "Fortaleza Inelsa op"]
[Site "Fortaleza"]
[Date "2015.09.27"]
[Round "2"]
[White "De Souza, Camila dos Santos"]
[Black "De Brito Buarque, Hugo Leonardo"]
[Result "1-0"]
[WhiteElo "1890"]
[BlackElo "1927"]
[PlyCount "165"]
[EventDate "2015.09.26"]
[EventType "swiss"]
[EventRounds "7"]
[EventCountry "BRA"]
[SourceTitle "EXT 2017"]
[Source "ChessBase"]
[SourceDate "2016.10.25"]
[SourceVersion "1"]
[SourceVersionDate "2016.10.25"]
[SourceQuality "1"]

1. d4 Nf6 2. Nf3 g6 3. c4 Bg7 4. Nc3 d5 5. Bg5 Ne4 6. cxd5 Nxc3 7. bxc3 Qxd5 8. e3 Nc6 9. Be2 0-0 10. 0-0 Bg4 11. Bf4 e5 12. Bg3 exd4 13. cxd4 Rac8 14. Rb1 Nd8 15. Qa4 a6 16. Rfc1 c6 17. h3 Be6 18. a3 f6 19. Ne1 Rf7 20. Nd3 Bf8 21. Nf4 Qd7 22. Nxe6 Nxe6 23. Rb2 Bd6 24. Bxd6 Qxd6 25. Rcb1 Rcc7 26. Rb6 Kg7 27. Bc4 Rfe7 28. Qb3 Nd8 29. a4 Red7 30. a5 Qe7 31. Qa2 Nf7 32. Be6 Rd6 33. Bxf7 Qxf7 34. Qxf7+ Rxf7 35. Rxb7 Rd5 36. Rxf7+ Kxf7 37. Rb6 Rxa5 38. Rxc6 Ra2 39. Rc7+ Ke6 40. Rxh7 a5 41. Ra7 a4 42. Ra6+ Ke7 43. Kh2 a3 44. Kg3 Ra1 45. e4 a2 46. f4 Re1 47. Rxa2 Rxe4 48. Rd2 Kd6 49. Kf3 Kd5 50. h4 Re8 51. Kg4 Re4 52. Ra2 Re3 53. h5 gxh5+ 54. Kxh5 Rg3 55. Kh4 Rg8 56. Rd2 f5 57. g3 Rg7 58. Re2 Kxd4 59. Re5 Rh7+ 60. Kg5 Rg7+ 61. Kxf5 Rxg3 62. Re8 Kd5 63. Kf6 Kd6 64. f5 Kd7 65. Re1 Rg2 66. Kf7 Rg5 67. f6 Rg2 68. Kf8 Rg3 69. f7 Rf3 70. Re4 Rf2 71. Kg7 Rg2+ 72. Kf6 Rf2+ 73. Kg6 Rg2+ 74. Kf5 Rf2+ 75. Kg6 Rg2+ 76. Kf6 Rf2+ 77. Kg7 Rg2+ 78. Kf8 Rf2 79. Re7+ Kd8 80. Re8+ Kd7 81. Kg7 Rg2+ 82. Kh6 Rh2+ 83. Kg5 1-0

[Event "Sao Bento do Sul op 5th"]
[Site "Sao Bento do Sul"]
[Date "2015.09.06"]
[Round "6"]
[White "Silva, Lucas Henrique Da"]
[Black "De Souza, Camila dos Santos"]
[Result "1-0"]
[WhiteElo "2142"]
[BlackElo "1890"]
[PlyCount "43"]
[EventDate "2015.09.04"]
[EventType "swiss"]
[EventRounds "6"]
[EventCountry "BRA"]
[SourceTitle "EXT 2016"]
[Source "ChessBase"]
[SourceDate "2015.10.08"]
[SourceVersion "1"]
[SourceVersionDate "2015.10.08"]
[SourceQuality "1"]

1. Nf3 c5 2. c4 Nc6 3. Nc3 g6 4. e3 Bg7 5. d4 cxd4 6. exd4 Qb6 7. c5 Qb4 8. a3 Qa5 9. Bc4 a6 10. 0-0 b5 11. cxb6 Qxb6 12. Nd5 Qa7 13. Bf4 d6 14. Re1 Be6 15. Rc1 Kf8 16. Be3 Nh6 17. Nxe7 Nxe7 18. d5 Qd7 19. dxe6 fxe6 20. Bxe6 Qd8 21. Nd4 Nhf5 22. Bxf5 1-0

[Event "Matinhos Caioba-ch"]
[Site "Matinhos"]
[Date "2015.08.30"]
[Round "5"]
[White "Prol Medeiros, Horacio"]
[Black "De Souza, Camila dos Santos"]
[Result "1-0"]
[WhiteElo "2055"]
[BlackElo "1890"]
[PlyCount "43"]
[EventDate "2015.08.28"]
[EventType "swiss"]
[EventRounds "6"]
[EventCountry "BRA"]
[SourceTitle "EXT 2016"]
[Source "ChessBase"]
[SourceDate "2015.10.08"]
[SourceVersion "1"]
[SourceVersionDate "2015.10.08"]
[SourceQuality "1"]

1. e4 c5 2. Nf3 a6 3. d4 cxd4 4. Nxd4 Nf6 5. Nc3 e5 6. Nf3 Bb4 7. Bc4 Bxc3+ 8. bxc3 Qc7 9. Qd3 b5 10. Bb3 Bb7 11. Ng5 Bxe4 12. Nxe4 Nxe4 13. Bd5 Nc5 14. Qf3 Nc6 15. Qxf7+ Kd8 16. Qxg7 Re8 17. Bf7 Ne6 18. Qf6+ Ne7 19. 0-0 Rf8 20. Ba3 Nc5 21. Qg7 Ne6 22. Bxe6 1-0

[Event "Matinhos Caioba-ch"]
[Site "Matinhos"]
[Date "2015.08.29"]
[Round "4"]
[White "De Souza, Camila dos Santos"]
[Black "Da Silva Junior, Marco Aurelio"]
[Result "1-0"]
[WhiteElo "1890"]
[BlackElo "1617"]
[PlyCount "57"]
[EventDate "2015.08.28"]
[EventType "swiss"]
[EventRounds "6"]
[EventCountry "BRA"]
[SourceTitle "EXT 2016"]
[Source "ChessBase"]
[SourceDate "2015.10.08"]
[SourceVersion "1"]
[SourceVersionDate "2015.10.08"]
[SourceQuality "1"]

1. d4 Nf6 2. Nf3 d6 3. c4 c6 4. Nc3 Nbd7 5. Bg5 e5 6. e3 Be7 7. dxe5 dxe5 8. Qc2 Qc7 9. Be2 h6 10. Bh4 0-0 11. 0-0 Re8 12. a3 a5 13. Rfd1 Nf8 14. h3 Nh5 15. Bxe7 Qxe7 16. Ne4 Nf6 17. Nd6 Rd8 18. c5 Ne8 19. Nxe8 Rxe8 20. Rd6 Ng6 21. Bc4 e4 22. Rxg6 exf3 23. Rd1 Kh8 24. Rg3 fxg2 25. Rd6 Bd7 26. Qe2 b5 27. Qh5 f6 28. Bf7 Rf8 29. Rxg7 1-0

[Event "Matinhos Caioba-ch"]
[Site "Matinhos"]
[Date "2015.08.28"]
[Round "2"]
[White "De Souza, Camila dos Santos"]
[Black "Albizzati, Alexandre Couto"]
[Result "1-0"]
[WhiteElo "1890"]
[BlackElo "1832"]
[PlyCount "65"]
[EventDate "2015.08.28"]
[EventType "swiss"]
[EventRounds "6"]
[EventCountry "BRA"]
[SourceTitle "EXT 2016"]
[Source "ChessBase"]
[SourceDate "2015.10.08"]
[SourceVersion "1"]
[SourceVersionDate "2015.10.08"]
[SourceQuality "1"]

1. d4 Nf6 2. Nf3 e6 3. g3 d5 4. c4 g6 5. Bg2 Bg7 6. 0-0 0-0 7. Nc3 c6 8. b3 b6 9. Bb2 Ba6 10. Nd2 Bb7 11. e4 dxe4 12. Ndxe4 Nxe4 13. Nxe4 f5 14. Nc3 Qxd4 15. Qe2 Qd7 16. Rad1 Qe7 17. Rfe1 Re8 18. Rd2 e5 19. Qd1 Bc8 20. Nb5 cxb5 21. Bxa8 bxc4 22. Bd5+ Kh8 23. Bxc4 Bb7 24. Rd6 Bf3 25. Qd3 e4 26. Bxg7+ Kxg7 27. Qc3+ Kh6 28. Rf6 Rf8 29. Qe3+ Kg7 30. Re6 Qd7 31. Qg5 Nc6 32. Rxc6 h6 33. Qxg6+ 1-0

[Event "Matinhos Caioba-ch"]
[Site "Matinhos"]
[Date "2015.08.28"]
[Round "1"]
[White "Umetsubo, Cesar Hidemitsu"]
[Black "De Souza, Camila dos Santos"]
[Result "1-0"]
[WhiteElo "2286"]
[BlackElo "1890"]
[PlyCount "67"]
[EventDate "2015.08.28"]
[EventType "swiss"]
[EventRounds "6"]
[EventCountry "BRA"]
[SourceTitle "EXT 2016"]
[Source "ChessBase"]
[SourceDate "2015.10.08"]
[SourceVersion "1"]
[SourceVersionDate "2015.10.08"]
[SourceQuality "1"]

1. e4 c5 2. Nf3 a6 3. c3 d5 4. exd5 Qxd5 5. d4 Bg4 6. Be2 e6 7. h3 Bh5 8. 0-0 Nf6 9. Be3 cxd4 10. cxd4 Be7 11. Nc3 Qd6 12. Qd2 Nc6 13. Bf4 Qd7 14. Rad1 Rd8 15. Be3 0-0 16. Rfe1 Bd6 17. Bg5 Be7 18. Ne5 Nxe5 19. dxe5 Qc7 20. exf6 Rxd2 21. fxe7 Rxe2 22. exf8Q+ Kxf8 23. Nxe2 f6 24. Be3 Qc4 25. b3 Qb4 26. Rc1 Qa5 27. Nf4 Bf7 28. Red1 g5 29. Ne2 Qxa2 30. Rc8+ Kg7 31. Nc1 Qa5 32. Rd7 Qe1+ 33. Kh2 Kg6 34. Rf8 1-0

[Event "Belem Velha op 3rd"]
[Site "Belem"]
[Date "2015.05.03"]
[Round "6"]
[White "De Souza, Camila dos Santos"]
[Black "De Araujo, Jaylson Javier Silv"]
[Result "1/2-1/2"]
[WhiteElo "1886"]
[BlackElo "2073"]
[PlyCount "48"]
[EventDate "2015.04.30"]
[EventType "swiss"]
[EventRounds "7"]
[EventCountry "BRA"]
[SourceTitle "CBM 166 Extra"]
[Source "ChessBase"]
[SourceDate "2015.06.18"]
[SourceVersion "1"]
[SourceVersionDate "2015.06.18"]
[SourceQuality "1"]

1. d4 Nf6 2. Nf3 b6 3. g3 Bb7 4. Bg2 e6 5. c4 Be7 6. Nc3 0-0 7. d5 exd5 8. cxd5 Bb4 9. Bg5 h6 10. Bxf6 Qxf6 11. Rc1 c6 12. 0-0 Bxc3 13. Rxc3 cxd5 14. Ne1 Na6 15. Bxd5 Bxd5 16. Qxd5 Nc5 17. Nd3 d6 18. Rfc1 Rae8 19. b4 Nxd3 20. Qxd3 Qe5 21. R1c2 Re7 22. Rc6 Qg5 23. b5 Rfe8 24. e3 d5 1/2-1/2

[Event "Belem Velha op 3rd"]
[Site "Belem"]
[Date "2015.05.01"]
[Round "2"]
[White "De Macena, Francois Rodrigues"]
[Black "De Souza, Camila dos Santos"]
[Result "0-1"]
[WhiteElo "1800"]
[BlackElo "1886"]
[PlyCount "74"]
[EventDate "2015.04.30"]
[EventType "swiss"]
[EventRounds "7"]
[EventCountry "BRA"]
[SourceTitle "CBM 166 Extra"]
[Source "ChessBase"]
[SourceDate "2015.06.18"]
[SourceVersion "1"]
[SourceVersionDate "2015.06.18"]
[SourceQuality "1"]

1. e4 c5 2. Nf3 a6 3. d4 cxd4 4. Nxd4 Nf6 5. Bd3 e5 6. Nf3 d5 7. Nfd2 d4 8. 0-0 Be7 9. h3 0-0 10. Nc4 Qc7 11. Nbd2 b5 12. Na3 Bxa3 13. bxa3 Bb7 14. Bb2 Nfd7 15. Rc1 Nc5 16. Qe2 Na4 17. Rb1 Nc6 18. Nf3 Qe7 19. Nh2 Nxb2 20. Rxb2 Qxa3 21. Rfb1 Rac8 22. Bxb5 axb5 23. Qxb5 Ba6 24. Qb3 Qxb3 25. Rxb3 Rb8 26. Rb6 Bc4 27. a4 f6 28. Nf3 Rxb6 29. Rxb6 Na5 30. Nd2 Rc8 31. Rb4 Be2 32. Rb2 Nc4 33. Nxc4 Rxc4 34. Rb8+ Kf7 35. Rb7+ Kg6 36. a5 Rxc2 37. Rb3 d3 0-1

[Event "Santa Catarina State-ch sf1 61st"]
[Site "Sao Bento do Sul"]
[Date "2015.03.06"]
[Round "2"]
[White "De Souza, Camila dos Santos"]
[Black "Umetsubo, Cesar Hidemitsu"]
[Result "1-0"]
[WhiteElo "1872"]
[BlackElo "2324"]
[PlyCount "79"]
[EventDate "2015.03.06"]
[EventType "swiss"]
[EventRounds "6"]
[EventCountry "BRA"]
[SourceTitle "EXT 2016"]
[Source "ChessBase"]
[SourceDate "2015.10.08"]
[SourceVersion "1"]
[SourceVersionDate "2015.10.08"]
[SourceQuality "1"]

1. d4 Nf6 2. c4 e6 3. Nf3 d5 4. g3 Be7 5. Bg2 0-0 6. 0-0 dxc4 7. Qc2 a6 8. Qxc4 b5 9. Qc2 Bb7 10. Bf4 Nc6 11. Rd1 Rc8 12. Nc3 Nb4 13. Qc1 Nbd5 14. Ne5 Nxc3 15. Qxc3 Bxg2 16. Kxg2 Nd5 17. Qc6 Nb4 18. Qb7 f6 19. Nd3 Qd5+ 20. Qxd5 Nxd5 21. e4 Nxf4+ 22. Nxf4 Kf7 23. d5 exd5 24. exd5 Rfe8 25. Rac1 Bd6 26. Rc6 Re4 27. Rdc1 Ra8 28. Ne6 Rxe6 29. dxe6+ Kxe6 30. f4 Kd7 31. Kf3 a5 32. g4 g5 33. f5 h5 34. gxh5 Re8 35. R1c2 Re5 36. h6 Rxf5+ 37. Kg4 Rf4+ 38. Kh5 Rh4+ 39. Kg6 g4 40. Rxd6+ 1-0

[Event "BRA-ch U20 Girls"]
[Site "Blumenau"]
[Date "2014.12.12"]
[Round "3"]
[White "De Souza, Camila dos Santos"]
[Black "Gomes, Maria Eduarda Papin"]
[Result "1-0"]
[WhiteElo "1843"]
[BlackElo "1777"]
[PlyCount "71"]
[EventDate "2014.12.11"]
[EventType "swiss"]
[EventRounds "7"]
[EventCountry "BRA"]
[SourceTitle "EXT 2016"]
[Source "ChessBase"]
[SourceDate "2015.10.08"]
[SourceVersion "1"]
[SourceVersionDate "2015.10.08"]
[SourceQuality "1"]

1. d4 Nf6 2. Nf3 g6 3. c4 Bg7 4. Nc3 0-0 5. Bg5 d6 6. e3 Nbd7 7. Be2 e5 8. dxe5 dxe5 9. 0-0 h6 10. Bh4 Re8 11. Qc2 Nb6 12. c5 Nbd5 13. Rfd1 c6 14. e4 Nb4 15. Qa4 Qc7 16. Qxb4 Be6 17. Bc4 Bd7 18. Qb3 Re7 19. Rd6 g5 20. Bg3 Ne8 21. Rad1 Rd8 22. a4 Qc8 23. R6d2 Nc7 24. Qa2 Rf8 25. b4 Kh7 26. b5 cxb5 27. axb5 Ne6 28. Bxe6 Bxe6 29. Qxa7 Rc7 30. Na4 Re8 31. Nb6 Qb8 32. Qxb8 Rxb8 33. Nxe5 Rxc5 34. Ned7 Bxd7 35. Nxd7 Rxb5 36. Bxb8 1-0

[Event "Itajai JASC (Women) 54th"]
[Site "Itajai"]
[Date "2014.11.18"]
[Round "3"]
[White "De Mello, Amanda Carolina"]
[Black "De Souza, Camila dos Santos"]
[Result "0-1"]
[WhiteElo "1844"]
[BlackElo "1821"]
[PlyCount "61"]
[EventDate "2014.11.16"]
[EventType "team-swiss"]
[EventRounds "7"]
[EventCountry "BRA"]
[SourceTitle "EXT 2019"]
[Source "ChessBase"]
[SourceDate "2018.10.10"]
[SourceVersion "1"]
[SourceVersionDate "2018.10.10"]
[SourceQuality "1"]
[WhiteTeam "Joinville (W)"]
[BlackTeam "Florianopolis (W)"]
[WhiteTeamCountry "BRA"]
[BlackTeamCountry "BRA"]

1. c4 c5 2. g3 Nc6 3. Bg2 g6 4. Nc3 Bg7 5. e4 e6 6. Nge2 Nge7 7. 0-0 0-0 8. d3 d6 9. Be3 Nd4 10. Rb1 Nec6 11. f4 Rb8 12. a3 b6 13. b4 Bb7 14. b5 Ne7 15. Bf2 Nxe2+ 16. Nxe2 d5 17. a4 Qc7 18. Qb3 Rbd8 19. cxd5 exd5 20. Rbc1 dxe4 21. dxe4 Rd2 22. Rfe1 Rfd8 23. Qc4 Nc8 24. a5 Nd6 25. Qa4 f5 26. e5 Bxg2 27. Kxg2 Ne4 28. Be3 Rb2 29. Qc4+ Kf8 30. a6 Qc8 31. Kg1 0-1

[Event "Curitiba Terzian Memorial op"]
[Site "Curitiba"]
[Date "2014.11.02"]
[Round "5"]
[White "Chemin, Vitorio"]
[Black "De Souza, Camila dos Santos"]
[Result "1-0"]
[WhiteElo "2184"]
[BlackElo "1821"]
[PlyCount "97"]
[EventDate "2014.10.31"]
[EventType "swiss"]
[EventRounds "6"]
[EventCountry "BRA"]
[SourceTitle "EXT 2015"]
[Source "ChessBase"]
[SourceDate "2014.11.20"]
[SourceVersion "1"]
[SourceVersionDate "2014.11.20"]
[SourceQuality "1"]

1. d4 Nf6 2. Nf3 e6 3. g3 d5 4. Bg2 b5 5. a4 b4 6. c4 Bb7 7. c5 a5 8. 0-0 Nbd7 9. Qc2 Ra6 10. Re1 Be7 11. Nbd2 Qa8 12. Nb3 0-0 13. Bf4 Bd8 14. Ne5 Nxe5 15. Bxe5 Nd7 16. Bf4 f6 17. Bh3 Re8 18. Rec1 Bc6 19. Re1 Kh8 20. Bg2 e5 21. Bd2 e4 22. h4 f5 23. Bh3 Rf8 24. Bf4 Bb7 25. Nd2 Bc8 26. Nf1 Nf6 27. Ne3 g6 28. Be5 Kg8 29. b3 c6 30. Ng2 Nh5 31. Qd2 Bf6 32. Bd6 Re8 33. Rad1 Be7 34. Be5 Bf6 35. Bxf6 Nxf6 36. Qg5 Kf7 37. Nf4 Rg8 38. h5 Be6 39. hxg6+ hxg6 40. Nxe6 Kxe6 41. f3 Ra7 42. Rf1 Rh7 43. Kg2 Rh5 44. Qf4 Qb8 45. Qxb8 Rxb8 46. g4 fxg4 47. fxg4 Rg5 48. Kg3 Nh5+ 49. Kh4 1-0